|
|
|
|
| LEADER |
00000cam a22000004a 4500 |
| 001 |
musev2_871 |
| 003 |
MdBmJHUP |
| 005 |
20230905040134.0 |
| 006 |
m o d |
| 007 |
cr||||||||nn|n |
| 008 |
100623s2010 si o 00 0 eng d |
| 010 |
|
|
|z 2010353199
|
| 020 |
|
|
|a 9789971695781
|
| 020 |
|
|
|z 9789971694722
|
| 035 |
|
|
|a (OCoLC)794698888
|
| 040 |
|
|
|a MdBmJHUP
|c MdBmJHUP
|
| 043 |
|
|
|a a-cb---
|
| 100 |
1 |
|
|a LeVine, Peg,
|d 1952-
|
| 245 |
1 |
0 |
|a Love and Dread in Cambodia :
|b Weddings, Births and Ritual Harm under the Khmer Rouge /
|c Peg LeVine.
|
| 264 |
|
1 |
|a Singapore :
|b NUS Press,
|c 2010.
|
| 264 |
|
3 |
|a Baltimore, Md. :
|b Project MUSE,
|c 2012
|
| 264 |
|
4 |
|c ©2010.
|
| 300 |
|
|
|a 1 online resource (240 pages):
|b ill. (some col.), map ;
|
| 336 |
|
|
|a text
|b txt
|2 rdacontent
|
| 337 |
|
|
|a computer
|b c
|2 rdamedia
|
| 338 |
|
|
|a online resource
|b cr
|2 rdacarrier
|
| 504 |
|
|
|a Includes bibliographical references (p. 205-216) and index.
|
| 588 |
|
|
|a Description based on print version record.
|
| 651 |
|
0 |
|a Cambodia
|x History
|y 1975-1979.
|
| 650 |
|
0 |
|a Rites and ceremonies
|z Cambodia
|x Psychological aspects.
|
| 650 |
|
0 |
|a Birth customs
|z Cambodia
|x Psychological aspects.
|
| 650 |
|
0 |
|a Marriage customs and rites
|z Cambodia
|x Psychological aspects.
|
| 650 |
|
0 |
|a Post-traumatic stress disorder
|z Cambodia.
|
| 650 |
|
0 |
|a Victims of state-sponsored terrorism
|x Mental health
|z Cambodia.
|
| 655 |
|
7 |
|a Electronic books.
|2 local
|
| 710 |
2 |
|
|a Project Muse.
|e distributor
|
| 830 |
|
0 |
|a Book collections on Project MUSE.
|
| 856 |
4 |
0 |
|z Texto completo
|u https://projectmuse.uam.elogim.com/book/871/
|
| 945 |
|
|
|a Project MUSE - Custom Collection
|
| 945 |
|
|
|a Project MUSE - 2010 Global Cultural Studies
|
| 945 |
|
|
|a Project MUSE - Archive Asian and Pacific Studies Foundation
|
| 945 |
|
|
|a Project MUSE - 2010 Complete
|